00881nam a2200229 i 450000100060000000300090000600500170001500700030003200800410003510000500007624500890012625000680021526000350028330000360031865000350035470000260038970000330041570000380044885200240048699900170051095201240052761780ES-MaACL20251003063102.0t|031113s1984 sp a |||| | spa d1 aFarreras Valentí, Pedro, d1916-196894889910aMedicina interna / cfundado por A.V. Domarus, continuado por P. Farreras Valentí. a10ª ed. bdirigida por Ciril Rozman, Juan García San Miguel. aBarcelona : bMarín, c1984. a2 v., lám. : bil. ; c26 cm.07aMedicina interna2embne9149251 aDomarus, A. V.9450581 aRozman, C. (d1929-)91002591 aGarcía San Miguel, Juan.955253 aES-MaACLjL-6214-15 c61780d61780 00104070aATENEOMbATENEOMcDEPO2d2008-01-17eSCl0oL-6214-15p1064777r2023-02-23 00:00:00w2023-02-23yMONOGRAFIA